| 000 | 00680nam a22002177a 4500 | ||
|---|---|---|---|
| 999 |
_c17957 _d17957 |
||
| 003 | AR-CdUCM | ||
| 008 | 190510b ||||| |||| 00| 0 spa d | ||
| 040 |
_aMUNICIPALIDAD PROVINCIAL DEL CUSCO _cBIBLIOTECA MUNICIPAL DEL CUSCO |
||
| 082 |
_a818.54 / _bL847 |
||
| 100 |
_aLondon, Jack _927709 |
||
| 245 | _aEl lobo de mar / | ||
| 260 |
_aBarcelona : _bBruguera, _c1970. |
||
| 300 |
_a334 páginas ; _c17 cm. |
||
| 505 | _aContenido: Novelas estadounidenses. | ||
| 650 |
_aNovelas estadounidenses _9734 |
||
| 650 |
_aSiglo XX _98 |
||
| 650 |
_aTraducciones al español _91053 |
||
| 700 |
_aGrego, Adela (traducción) _938237 |
||
| 942 |
_2ddc _cLIBROS |
||
| 945 |
_adavv _d2019-05-10 |
||